Movies Quiz

Random Movies or Alphabet Quiz

Top Grossing 'I' Movies Quiz Stats

Quiz Updated Mar 30, 2018

Challenge
Share
Tweet
Score 0/21 Timer 05:00
18 Plays Today
% Correct
Ice Age
98.7%
Iron Man
97.7%
Ice Age: The Meltdown
96.7%
Iron Man 2
95.6%
Ice Age: Dawn of the Dinosaurs
95.6%
The Incredibles
95.1%
Ice Age: Continental Drift
95%
Iron Man 3
94.4%
Indiana Jones and the Temple of Doom
91.4%
Ice Age: Collision Course
90.3%
Indiana Jones and the Last Crusade
87.5%
% Correct
It
86.8%
Independence Day
84.4%
Inside Out
82.3%
Indiana Jones and the Kingdom of the Crystal Skull
81.9%
Inception
80.8%
Interstellar
76.7%
I, Robot
74.4%
I Am Legend
72.5%
Independence Day: Resurgence
69.3%
The Intouchables
14.5%

You're not logged in!

Compare scores with friends on all Sporcle quizzes.
Sign Up with Email
OR
Log In

You Might Also Like...

Show Comments

Extras

Top Quizzes Today


Score Distribution

Your Account Isn't Verified!

In order to create a playlist on Sporcle, you need to verify the email address you used during registration. Go to your Sporcle Settings to finish the process.

Report this User

Report this user for behavior that violates our Community Guidelines.

Details: